[Event "NED-ch U15"]
[Site "Venlo"]
[Date "2008.04.28"]
[Round "1"]
[White "Skandar, Kambiz"]
[Black "Loots, Jeroen"]
[Result "1/2-1/2"]
[WhiteElo "1917"]
[BlackElo "1658"]
[PlyCount "51"]
[EventDate "2008.04.28"]
[EventType "swiss"]
[EventRounds "9"]
[EventCountry "NED"]
[SourceTitle "CBM 123 Extra"]
[Source "ChessBase"]
[SourceDate "2008.05.06"]
[SourceVersion "1"]
[SourceVersionDate "2008.05.06"]
[SourceQuality "1"]

1. e4 e5 2. Nf3 Nc6 3. d4 exd4 4. Nxd4 Bc5 5. Be3 Qf6 6. c3 Nge7 7. Be2 d6 8. 0-0 0-0 9. Nxc6 Nxc6 10. Bxc5 dxc5 11. Qc2 Qg6 12. Kh1 f5 13. Nd2 Kh8 14. f3 Be6 15. b3 Rad8 16. Rad1 a6 17. Bc4 b5 18. Bxe6 Qxe6 19. exf5 Rxf5 20. Ne4 Rfd5 21. h3 h6 22. Rfe1 Qf5 23. Qe2 Ne5 24. Rxd5 Rxd5 25. Rd1 Ng6 26. Rxd5 1/2-1/2

[Event "NED-ch U13"]
[Site "Rijswijk"]
[Date "2006.05.26"]
[Round "5"]
[White "Loots, Jeroen"]
[Black "Van Lit, Mats"]
[Result "1/2-1/2"]
[WhiteElo "1482"]
[BlackElo "1393"]
[PlyCount "102"]
[EventDate "2006.05.25"]
[EventType "swiss"]
[EventRounds "9"]
[EventCountry "NED"]
[SourceTitle "EXT 2009"]
[Source "ChessBase"]
[SourceDate "2008.11.26"]
[SourceVersion "1"]
[SourceVersionDate "2008.11.26"]
[SourceQuality "1"]

1. e4 e5 2. Nf3 Nc6 3. d4 exd4 4. Nxd4 Bc5 5. Be3 Qf6 6. c3 d6 7. Be2 Nge7 8. 0-0 Bb6 9. Nxc6 Nxc6 10. Bxb6 axb6 11. Nd2 Be6 12. Bc4 0-0 13. Bb3 Ne5 14. Bxe6 fxe6 15. f3 c5 16. Qb3 Qd8 17. Qxe6+ Nf7 18. Qb3 Rc8 19. Rad1 Rc6 20. a3 Re8 21. Qc2 b5 22. c4 bxc4 23. Nxc4 b5 24. Ne3 Qb6 25. Kh1 b4 26. Nc4 Qa6 27. a4 Ne5 28. b3 Nxc4 29. Qxc4+ Qxc4 30. bxc4 Kf7 31. Kg1 Kf6 32. Rd5 Ra6 33. Rfd1 Re6 34. Ra1 g6 35. Kf2 Re7 36. Kg3 b3 37. Rd2 Rea7 38. a5 Ke6 39. Rb2 Rxa5 40. Rxa5 Rxa5 41. Rxb3 Ra4 42. Rc3 Ke5 43. Rc1 Kd4 44. Rd1+ Ke5 45. Rc1 h6 46. Kf2 Ra2+ 47. Kg3 Ra6 48. Kf2 Ra2+ 49. Kg3 Rd2 50. Ra1 Rc2 51. Ra4 Rd2 1/2-1/2

[Event "NED-ch U13"]
[Site "Rijswijk"]
[Date "2006.05.25"]
[Round "2"]
[White "Reitsma, Bram"]
[Black "Loots, Jeroen"]
[Result "0-1"]
[WhiteElo "1322"]
[BlackElo "1482"]
[PlyCount "68"]
[EventDate "2006.05.25"]
[EventType "swiss"]
[EventRounds "9"]
[EventCountry "NED"]
[SourceTitle "EXT 2009"]
[Source "ChessBase"]
[SourceDate "2008.11.26"]
[SourceVersion "1"]
[SourceVersionDate "2008.11.26"]
[SourceQuality "1"]

1. e4 Nf6 2. Nc3 d5 3. e5 Nfd7 4. e6 fxe6 5. d4 Nf6 6. Nf3 Nc6 7. Bf4 g6 8. Nb5 e5 9. Nxe5 Nxe5 10. Bxe5 Kf7 11. Nxc7 Rb8 12. b3 e6 13. Nxe6 Bxe6 14. Bxb8 Qxb8 15. a3 Qc7 16. Be2 Qc3+ 17. Kf1 Bh6 18. Rb1 Ne4 19. Kg1 Be3 20. Qd3 Qxd3 21. Bxd3 Bxf2+ 22. Kf1 Bxd4 23. Bxe4 dxe4 24. Re1 e3 25. Ke2 Kg7 26. h3 Rf8 27. Rhf1 Rf2+ 28. Kd3 Rd2+ 29. Ke4 Bf5+ 30. Kf3 Rf2+ 31. Rxf2 exf2 32. Rh1 Bxc2 33. g4 Bd3 34. Kg2 Be4+ 0-1

[Event "Hengelo U12 op"]
[Site "Hengelo"]
[Date "2005.08.08"]
[Round "1"]
[White "Warmer, Marina"]
[Black "Loots, Jeroen"]
[Result "0-1"]
[WhiteElo "793"]
[BlackElo "1449"]
[PlyCount "118"]
[EventDate "2005.08.??"]
[EventType "swiss"]
[EventRounds "13"]
[EventCountry "NED"]
[SourceTitle "CBM 107 Extra"]
[Source "ChessBase"]
[SourceDate "2005.09.01"]
[SourceVersion "1"]
[SourceVersionDate "2005.09.01"]
[SourceQuality "1"]

1. e4 Nf6 2. Nc3 d5 3. exd5 Nxd5 4. Nf3 Nxc3 5. bxc3 Bg4 6. Be2 Nc6 7. Bb2 e6 8. h3 Bf5 9. 0-0 Bd6 10. Re1 0-0 11. Rb1 Qe7 12. Bd3 Bxd3 13. cxd3 Rab8 14. Qc2 h6 15. c4 Ba3 16. Qc3 Bxb2 17. Rxb2 Rfd8 18. Reb1 b6 19. Re1 Qd7 20. Re3 Qd6 21. a4 Nd4 22. Ne5 Nc6 23. Nxc6 Qxc6 24. Rg3 g6 25. Qb4 Qd6 26. Qxd6 Rxd6 27. c5 Rc6 28. cxb6 cxb6 29. d4 Rc4 30. a5 Rxd4 31. axb6 Rxb6 32. Rc2 Kg7 33. Kf1 Re4 34. Re3 Rxe3 35. dxe3 a5 36. Ke1 a4 37. Kd1 Rb1+ 38. Kd2 Ra1 39. Rc1 Rxc1 40. Kxc1 Kf6 41. Kb2 Ke5 42. Ka3 Ke4 43. Kxa4 Kd3 44. Kb5 Ke2 45. f3 Kxe3 46. Kc6 Kf2 47. g4 Kxf3 48. Kd7 Kg3 49. Ke7 Kxh3 50. Kxf7 Kxg4 51. Kxg6 e5 52. Kxh6 e4 53. Kg6 e3 54. Kf6 e2 55. Ke5 e1Q+ 56. Kd5 Qe3 57. Kd6 Qe4 58. Kc5 Qd3 59. Kb4 Qc2 0-1

[Event "NED-ch U13"]
[Site "Rijswijk"]
[Date "2005.05.06"]
[Round "6"]
[White "Loots, Jeroen"]
[Black "Smid, Tom"]
[Result "1/2-1/2"]
[WhiteElo "1385"]
[BlackElo "1685"]
[PlyCount "44"]
[EventDate "2005.05.05"]
[EventType "swiss"]
[EventRounds "9"]
[EventCountry "NED"]
[SourceTitle "EXT 2013"]
[Source "ChessBase"]
[SourceDate "2012.11.22"]
[SourceVersion "1"]
[SourceVersionDate "2012.11.22"]
[SourceQuality "1"]

1. d4 Nf6 2. Bg5 d5 3. e3 e6 4. Bd3 c5 5. c3 Nc6 6. f4 Qb6 7. Qb3 Qxb3 8. axb3 Nd7 9. Nf3 Bd6 10. Nbd2 0-0 11. 0-0 b6 12. h3 Bb7 13. Ne5 Ncxe5 14. fxe5 Bc7 15. Rf3 Bd8 16. Bxd8 Rfxd8 17. Raf1 Rf8 18. Rf4 h6 19. Rg4 a5 20. Rf3 Ba6 21. c4 Bb7 22. Rfg3 g6 1/2-1/2

[Event "NED-ch U13"]
[Site "Rijswijk"]
[Date "2005.05.05"]
[Round "3"]
[White "Sedee, Wouter"]
[Black "Loots, Jeroen"]
[Result "1/2-1/2"]
[WhiteElo "1485"]
[BlackElo "1385"]
[PlyCount "80"]
[EventDate "2005.05.05"]
[EventType "swiss"]
[EventRounds "9"]
[EventCountry "NED"]
[SourceTitle "EXT 2013"]
[Source "ChessBase"]
[SourceDate "2012.11.22"]
[SourceVersion "1"]
[SourceVersionDate "2012.11.22"]
[SourceQuality "1"]

1. e4 Nf6 2. d3 d5 3. Nc3 dxe4 4. dxe4 Qxd1+ 5. Kxd1 Bg4+ 6. f3 Bd7 7. Bf4 c6 8. Bc4 b5 9. Bd3 e6 10. Nge2 Bb4 11. Kd2 0-0 12. Rhd1 h6 13. Ke1 c5 14. Bxb8 Raxb8 15. e5 Nd5 16. Kf2 c4 17. Be4 Nxc3 18. bxc3 Bc5+ 19. Kf1 Rfd8 20. Nd4 Bxd4 21. cxd4 Bc8 22. Rab1 a6 23. c3 Bb7 24. Bxb7 Rxb7 25. Ke2 Rd5 26. Rd2 Kf8 27. Rdb2 Ke7 28. Ke3 g6 29. g3 Rb8 30. h4 Rb7 31. g4 Rb8 32. f4 Rg8 33. Kd2 h5 34. g5 Rb8 35. a3 Kd7 36. Kc2 Kc7 37. Rb4 Kc6 38. a4 Rb7 39. R4b2 Rb8 40. Rb3 Rb6 1/2-1/2